Geography Quiz

Random Geography or City Quiz

Wisconsin's Largest Cities A-Z Quiz Stats

 Plays Quiz not verified by Sporcle

Score 0/23 Timer 05:00
0 Plays Today
Letter City/Town % Correct
MMilwaukee
97.6%
GGreen Bay
96.4%
AAppleton
89.3%
RRacine
89.3%
KKenosha
88.1%
OOshkosh
84.5%
EEau Claire
83.3%
LLa Crosse
78.6%
WWaukesha
77.4%
JJanesville
70.2%
SSheboygan
60.7%
FFond du Lac
50%
Letter City/Town % Correct
BBrookfield
44%
NNew Berlin
31%
VVerona
31%
DDe Pere
26.2%
TTwo Rivers
19%
HHoward
17.9%
PPleasant Prairie
16.7%
CCaledonia
14.3%
UUnion Grove
14.3%
YYuba
11.9%
IIndependence
9.5%

You're not logged in!

Compare scores with friends on all Sporcle quizzes.
OR
Log In

Sporcle TV

Today on Sporcle TV


Watch our educational content, quiz creation guides, and fun videos on Sporcle TV.

Show Comments

Extras

Top Quizzes Today


Score Distribution

Your Account Isn't Verified!

In order to create a playlist on Sporcle, you need to verify the email address you used during registration. Go to your Sporcle Settings to finish the process.

Report this User

Report this user for behavior that violates our Community Guidelines.

Details: